<?xml version="1.0" encoding="UTF-8"?>
<record
    xmlns:xsi="http://www.w3.org/2001/XMLSchema-instance"
    xsi:schemaLocation="http://www.loc.gov/MARC21/slim http://www.loc.gov/standards/marcxml/schema/MARC21slim.xsd"
    xmlns="http://www.loc.gov/MARC21/slim">

  <leader>01238nam a2200337 a 4500</leader>
  <datafield tag="999" ind1=" " ind2=" ">
    <subfield code="c">357865</subfield>
    <subfield code="d">357865</subfield>
  </datafield>
  <controlfield tag="001">000000427163</controlfield>
  <controlfield tag="003">IT-MiSPE</controlfield>
  <controlfield tag="005">20180511140817.0</controlfield>
  <controlfield tag="008">170206s2017    it            000 u ita d</controlfield>
  <datafield tag="020" ind1=" " ind2=" ">
    <subfield code="a">9788858124550</subfield>
    <subfield code="c">38.00 EUR</subfield>
  </datafield>
  <datafield tag="040" ind1=" " ind2=" ">
    <subfield code="a">IT-MiSPE</subfield>
    <subfield code="b">ita</subfield>
    <subfield code="d">fb</subfield>
    <subfield code="c">IT-MiSPE</subfield>
  </datafield>
  <datafield tag="041" ind1="1" ind2=" ">
    <subfield code="a">grc</subfield>
    <subfield code="a">ita</subfield>
  </datafield>
  <datafield tag="082" ind1=" " ind2=" ">
    <subfield code="a">185-ARI me (23148)</subfield>
  </datafield>
  <datafield tag="100" ind1="0" ind2=" ">
    <subfield code="a">Aristoteles,</subfield>
    <subfield code="d">384-322 a.C.</subfield>
    <subfield code="9">57131</subfield>
  </datafield>
  <datafield tag="240" ind1="1" ind2="0">
    <subfield code="a">Metaphysica.</subfield>
    <subfield code="l">Greco e italiano</subfield>
  </datafield>
  <datafield tag="245" ind1="1" ind2="0">
    <subfield code="a">Metafisica /</subfield>
    <subfield code="c">Aristotele ; traduzione, introduzione e note di Enrico Berti.</subfield>
  </datafield>
  <datafield tag="260" ind1=" " ind2=" ">
    <subfield code="a">Roma ;</subfield>
    <subfield code="a">Bari :</subfield>
    <subfield code="b">Laterza,</subfield>
    <subfield code="c">2017.</subfield>
  </datafield>
  <datafield tag="300" ind1=" " ind2=" ">
    <subfield code="a">xxxiii, 662 p. ;</subfield>
    <subfield code="c">21 cm</subfield>
  </datafield>
  <datafield tag="490" ind1="1" ind2=" ">
    <subfield code="a">Biblioteca filosofica Laterza</subfield>
  </datafield>
  <datafield tag="504" ind1=" " ind2=" ">
    <subfield code="a">Bibliografia: p. [651]-660</subfield>
  </datafield>
  <datafield tag="546" ind1=" " ind2=" ">
    <subfield code="a">Testo greco con traduzione italiana a fronte</subfield>
  </datafield>
  <datafield tag="655" ind1=" " ind2="7">
    <subfield code="a">Filosofia greca e romana</subfield>
    <subfield code="x">Aristoteles, 384-322 a.C.</subfield>
    <subfield code="x">Testi e testi con commentario.</subfield>
    <subfield code="2">local</subfield>
    <subfield code="9">57132</subfield>
  </datafield>
  <datafield tag="655" ind1=" " ind2="7">
    <subfield code="a">Filosofia. Metafisica. Ontologia</subfield>
    <subfield code="x">Libri generali e manuali in lingue moderne.</subfield>
    <subfield code="2">local</subfield>
    <subfield code="9">57133</subfield>
  </datafield>
  <datafield tag="700" ind1="1" ind2=" ">
    <subfield code="a">Berti, Enrico,</subfield>
    <subfield code="d">1935-,</subfield>
    <subfield code="e">ed.</subfield>
    <subfield code="9">57134</subfield>
  </datafield>
  <datafield tag="830" ind1=" " ind2="0">
    <subfield code="a">Biblioteca filosofica Laterza.</subfield>
    <subfield code="9">57135</subfield>
  </datafield>
  <datafield tag="942" ind1=" " ind2=" ">
    <subfield code="2">ddc</subfield>
    <subfield code="c">BK</subfield>
  </datafield>
  <datafield tag="990" ind1="1" ind2="0">
    <subfield code="a">90001a</subfield>
    <subfield code="b">10001ad</subfield>
  </datafield>
  <datafield tag="952" ind1=" " ind2=" ">
    <subfield code="0">0</subfield>
    <subfield code="1">0</subfield>
    <subfield code="2">ddc</subfield>
    <subfield code="4">0</subfield>
    <subfield code="6">185ARI_ME_23148</subfield>
    <subfield code="7">1</subfield>
    <subfield code="a">CINISELLO</subfield>
    <subfield code="b">CINISELLO</subfield>
    <subfield code="d">2018-05-11</subfield>
    <subfield code="l">0</subfield>
    <subfield code="o">185-ARI me (23148)</subfield>
    <subfield code="p">9788858124550</subfield>
    <subfield code="r">2018-05-11 00:00:00</subfield>
    <subfield code="w">2018-05-11</subfield>
    <subfield code="y">BK</subfield>
  </datafield>
</record>
